[Event "Catarinense-ch"]
[Site "Fraiburgo"]
[Date "2016.04.17"]
[Round "6"]
[White "Reichert, Thiago da Cruz"]
[Black "Boeira, Dimitri Ariel Pires"]
[Result "0-1"]
[WhiteElo "1966"]
[BlackElo "1830"]
[PlyCount "62"]
[EventDate "2016.04.14"]
[EventType "swiss"]
[EventRounds "7"]
[EventCountry "BRA"]
[SourceTitle "CBM 171 Extra"]
[Source "ChessBase"]
[SourceDate "2016.04.26"]
[SourceVersion "1"]
[SourceVersionDate "2016.04.26"]
[SourceQuality "1"]

1. d4 e6 2. c4 f5 3. Nf3 Nf6 4. g3 Be7 5. Bg2 0-0 6. 0-0 d6 7. Nc3 a5 8. b3 Ne4 9. Bb2 Nxc3 10. Bxc3 Qe8 11. Qc2 Qh5 12. e4 f4 13. e5 d5 14. Bd2 g5 15. gxf4 gxf4 16. Qc1 Nc6 17. Kh1 Bd7 18. Rg1 Kh8 19. h3 Rf5 20. Kh2 Raf8 21. Bh1 Qh6 22. Rg4 Be8 23. Qf1 Bh5 24. Rg1 Bg6 25. cxd5 exd5 26. Rg4 Bh5 27. Rg1 Bf7 28. Rc1 Be6 29. Bg2 Rh5 30. Rh1 Rg8 31. Kg1 Bxh3 0-1

[Event "Florianopolis op 2nd"]
[Site "Florianopolis"]
[Date "2016.01.19"]
[Round "6"]
[White "Klein, Luan Carlos"]
[Black "Boeira, Dimitri Ariel Pires"]
[Result "0-1"]
[WhiteElo "1662"]
[BlackElo "1882"]
[PlyCount "88"]
[EventDate "2016.01.16"]
[EventType "swiss"]
[EventRounds "10"]
[EventCountry "BRA"]
[SourceTitle "CBM 170 Extra"]
[Source "ChessBase"]
[SourceDate "2016.02.25"]
[SourceVersion "1"]
[SourceVersionDate "2016.02.25"]
[SourceQuality "1"]

1. Nf3 f5 2. g3 Nf6 3. Bg2 e6 4. 0-0 Be7 5. d3 0-0 6. Nc3 d6 7. e4 e5 8. Qe2 Nc6 9. Be3 Qe8 10. Nb5 Bd8 11. Nc3 Qh5 12. Nd2 Qg6 13. f4 Ng4 14. a3 Qh6 15. Bh1 Rf6 16. Nd5 Rg6 17. exf5 Bxf5 18. fxe5 Nxe3 19. Nxe3 Bh3 20. Bd5+ Be6 21. Ng4 Rxg4 22. Qxg4 Bxd5 23. Ne4 Nxe5 24. Qf5 Be7 25. Qf2 Bc6 26. Rae1 Qh5 27. Qf5 Qxf5 28. Rxf5 g6 29. Rff1 d5 30. Nf6+ Kg7 31. Rxe5 Bxf6 32. Re6 Rf8 33. c3 Bb5 34. Rf3 Bg5 35. Rxf8 Kxf8 36. Re5 Bc1 37. Rxd5 Bc6 38. Rd8+ Kg7 39. b3 Bxa3 40. c4 Be7 41. Rc8 Bd6 42. Kf2 Bc5+ 43. Ke2 Kf6 44. Rh8 h5 0-1

[Event "Florianopolis op 2nd"]
[Site "Florianopolis"]
[Date "2016.01.18"]
[Round "4"]
[White "Calcado, Acyr Rogerio"]
[Black "Boeira, Dimitri Ariel Pires"]
[Result "1-0"]
[WhiteElo "2146"]
[BlackElo "1882"]
[PlyCount "87"]
[EventDate "2016.01.16"]
[EventType "swiss"]
[EventRounds "10"]
[EventCountry "BRA"]
[SourceTitle "CBM 170 Extra"]
[Source "ChessBase"]
[SourceDate "2016.02.25"]
[SourceVersion "1"]
[SourceVersionDate "2016.02.25"]
[SourceQuality "1"]

1. e4 c5 2. Nf3 e6 3. d4 cxd4 4. Nxd4 Nc6 5. Nc3 Qc7 6. Be3 a6 7. Qd2 Nf6 8. f3 Bb4 9. 0-0-0 0-0 10. a3 Be7 11. g4 b5 12. g5 Nh5 13. Nce2 Rd8 14. Ng3 Nxd4 15. Bxd4 Nf4 16. h4 e5 17. Nf5 Bf8 18. Bc3 d5 19. Ba5 Qd7 20. Bxd8 Qxd8 21. Ne3 d4 22. Ng2 Nh5 23. Bd3 Rb8 24. f4 b4 25. a4 b3 26. Bc4 Ng3 27. fxe5 Qc7 28. cxb3 Nxh1 29. Rxh1 Rxb3 30. Qc2 Rb4 31. Bd5 Qxc2+ 32. Kxc2 Rxa4 33. Nf4 Bg4 34. Rg1 Bf3 35. Rg3 Bh1 36. h5 Kh8 37. Kd3 Ra1 38. Bxf7 Rd1+ 39. Ke2 Rb1 40. Rb3 d3+ 41. Nxd3 g6 42. h6 Bf3+ 43. Kxf3 Rf1+ 44. Nf2 1-0

[Event "BRA-ch U20"]
[Site "Blumenau"]
[Date "2014.12.13"]
[Round "4"]
[White "Moura de Lima, Wilian Rither De"]
[Black "Boeira, Dimitri Ariel Pires"]
[Result "1-0"]
[WhiteElo "1985"]
[BlackElo "1739"]
[PlyCount "117"]
[EventDate "2014.12.11"]
[EventType "swiss"]
[EventRounds "7"]
[EventCountry "BRA"]
[SourceTitle "EXT 2016"]
[Source "ChessBase"]
[SourceDate "2015.10.08"]
[SourceVersion "1"]
[SourceVersionDate "2015.10.08"]
[SourceQuality "1"]

1. e4 c5 2. c3 g6 3. d4 cxd4 4. cxd4 d5 5. Nc3 dxe4 6. Bc4 Be6 7. Bxe6 fxe6 8. Qb3 Qb6 9. Qxb6 axb6 10. Nxe4 Nc6 11. Nf3 Bg7 12. Neg5 Nxd4 13. Nxd4 Bxd4 14. Nxe6 Be5 15. 0-0 Rc8 16. Re1 Bf6 17. Be3 Kf7 18. Bd4 Nh6 19. Rad1 Rhe8 20. Bxb6 Rc2 21. a4 Rxb2 22. a5 Nf5 23. Nd8+ Kg7 24. Nxb7 Bc3 25. Rb1 Ra2 26. Rec1 Nd4 27. Rxc3 Ne2+ 28. Kf1 Nxc3 29. Bd4+ e5 30. Bxc3 Kf6 31. Nc5 Rc8 32. Ne4+ Ke6 33. Rb5 Rc2 34. Rxe5+ Kd7 35. Rc5 Rxc5 36. Nxc5+ Kc6 37. Ne4 Kd5 38. f3 Kc4 39. Bd2 Kd3 40. Kf2 h5 41. h4 Ra2 42. Kg3 Kc4 43. Kf4 Ra1 44. Kg5 Rg1 45. Kxg6 Rxg2+ 46. Bg5 Ra2 47. Bd8 Kd4 48. Kxh5 Ke3 49. Ng5 Rh2 50. a6 Ra2 51. a7 Ra6 52. Bc7 Kd4 53. Bb8 Kd5 54. Kg4 Kc6 55. f4 Kd7 56. f5 Ke7 57. Ne6 Kf6 58. Nc7 Ra4+ 59. Kh5 1-0

[Event "BRA-ch U20"]
[Site "Blumenau"]
[Date "2014.12.11"]
[Round "1"]
[White "Boeira, Dimitri Ariel Pires"]
[Black "Damasceno, Flavio Teixeira Jr"]
[Result "1-0"]
[WhiteElo "1739"]
[BlackElo "1738"]
[PlyCount "37"]
[EventDate "2014.12.11"]
[EventType "swiss"]
[EventRounds "7"]
[EventCountry "BRA"]
[SourceTitle "EXT 2016"]
[Source "ChessBase"]
[SourceDate "2015.10.08"]
[SourceVersion "1"]
[SourceVersionDate "2015.10.08"]
[SourceQuality "1"]

1. d4 Nf6 2. c4 g6 3. Nc3 Bg7 4. e4 d6 5. Be2 0-0 6. Nf3 a6 7. 0-0 c5 8. d5 e6 9. h3 Nfd7 10. dxe6 fxe6 11. Qxd6 Qe8 12. Ng5 Rf6 13. Bg4 Nf8 14. e5 Rf5 15. Bxf5 exf5 16. Re1 Ne6 17. Nd5 Nc6 18. Nxe6 Qxe6 19. Qxe6+ 1-0

[Event "Florianopolis Ribeiro Neto Memorial"]
[Site "Florianopolis"]
[Date "2014.09.18"]
[Round "6"]
[White "Almeida Junior, Alvaro Alves de"]
[Black "Boeira, Dimitri Ariel Pires"]
[Result "1-0"]
[WhiteElo "1881"]
[BlackElo "1743"]
[PlyCount "109"]
[EventDate "2014.09.12"]
[EventType "swiss"]
[EventRounds "6"]
[EventCountry "BRA"]
[SourceTitle "EXT 2015"]
[Source "ChessBase"]
[SourceDate "2014.11.20"]
[SourceVersion "1"]
[SourceVersionDate "2014.11.20"]
[SourceQuality "1"]

1. e4 c5 2. Nf3 e6 3. d4 cxd4 4. Nxd4 Nc6 5. Be3 Qc7 6. Be2 a6 7. 0-0 Nf6 8. Nxc6 bxc6 9. Bd3 d5 10. exd5 cxd5 11. c4 Bd6 12. h3 0-0 13. Nd2 Bb7 14. Rc1 Qd7 15. c5 Bc7 16. Qc2 Qc6 17. Bg5 e5 18. Bxf6 Qxf6 19. Bxh7+ Kh8 20. Qf5 Qh6 21. Qd7 Rac8 22. Bf5 Qxd2 23. c6 Ba8 24. Qe7 Rfe8 25. Qxf7 Rf8 26. Qg6 Qh6 27. Qxh6+ gxh6 28. Bxc8 Rxc8 29. Rc2 Kg7 30. a4 Bd6 31. Rfc1 e4 32. g3 Kf6 33. Kf1 d4 34. Rc4 Ke5 35. b4 Bc7 36. b5 axb5 37. axb5 Bb6 38. Ra4 Kd5 39. Ra6 Bc5 40. Rca1 Bxc6 41. bxc6 Rxc6 42. Rxc6 Kxc6 43. Ra8 d3 44. Ke1 Bb4+ 45. Kd1 Bc5 46. Ke1 Bb4+ 47. Kf1 Kd5 48. Re8 Kd4 49. g4 Ba5 50. h4 Kc3 51. Rxe4 Kc2 52. Rd4 Bc3 53. Rd7 d2 54. Ke2 Bf6 55. Rxd2+ 1-0

[Event "Florianopolis Ribeiro Neto Memorial"]
[Site "Florianopolis"]
[Date "2014.09.13"]
[Round "3"]
[White "Boeira, Dimitri Ariel Pires"]
[Black "Barbosa, Alvaro Lourenco"]
[Result "1-0"]
[WhiteElo "1743"]
[BlackElo "1778"]
[PlyCount "44"]
[EventDate "2014.09.12"]
[EventType "swiss"]
[EventRounds "6"]
[EventCountry "BRA"]
[SourceTitle "EXT 2015"]
[Source "ChessBase"]
[SourceDate "2014.11.20"]
[SourceVersion "1"]
[SourceVersionDate "2014.11.20"]
[SourceQuality "1"]

1. d4 e6 2. c4 f5 3. g3 Nf6 4. Nf3 b6 5. Bg2 Bb7 6. 0-0 Be7 7. Nc3 Bb4 8. Qb3 Bxc3 9. Qxc3 0-0 10. b3 Qe8 11. Bb2 d6 12. Rfd1 Nbd7 13. b4 Qh5 14. Rac1 Be4 15. c5 Rfd8 16. cxd6 cxd6 17. b5 Ng4 18. h3 Ngf6 19. Qa3 g5 20. Qxd6 Nc5 21. Qe7 g4 22. Qxf6 gxf3 1-0

[Event "Florianopolis Ribeiro Neto Memorial"]
[Site "Florianopolis"]
[Date "2014.09.13"]
[Round "4"]
[White "Pereira, Armando Scharlau"]
[Black "Boeira, Dimitri Ariel Pires"]
[Result "0-1"]
[WhiteElo "1739"]
[BlackElo "1743"]
[PlyCount "64"]
[EventDate "2014.09.12"]
[EventType "swiss"]
[EventRounds "6"]
[EventCountry "BRA"]
[SourceTitle "EXT 2015"]
[Source "ChessBase"]
[SourceDate "2014.11.20"]
[SourceVersion "1"]
[SourceVersionDate "2014.11.20"]
[SourceQuality "1"]

1. d4 Nf6 2. c4 g6 3. Nf3 Bg7 4. e3 0-0 5. Nc3 c5 6. d5 d6 7. h3 e6 8. Be2 exd5 9. cxd5 a6 10. a4 a5 11. 0-0 Na6 12. Nd2 Nb4 13. e4 Re8 14. Ra3 Nd7 15. Nb5 Nf6 16. Bf3 b6 17. Re1 Ba6 18. Nc4 Bxb5 19. axb5 Qc7 20. Bf4 Rad8 21. Bxd6 Rxd6 22. e5 Rdd8 23. exf6 Rxe1+ 24. Qxe1 Bxf6 25. Re3 Nxd5 26. Re8+ Kg7 27. Rxd8 Qxd8 28. Qe4 Nb4 29. Qb7 Qd4 30. Ne3 Qd6 31. Bc6 Bd8 32. Nc4 Qc7 0-1

[Event "Porto Alegre op"]
[Site "Porto Alegre"]
[Date "2013.09.14"]
[Round "5"]
[White "Boeira, Dimitri Ariel Pires"]
[Black "Da Silva, Joao Carlos Orguim"]
[Result "0-1"]
[WhiteElo "1706"]
[BlackElo "1895"]
[PlyCount "42"]
[EventDate "2013.07.06"]
[EventType "swiss"]
[EventRounds "6"]
[EventCountry "BRA"]
[SourceTitle "EXT 2014"]
[Source "ChessBase"]
[SourceDate "2013.11.20"]
[SourceVersion "1"]
[SourceVersionDate "2013.11.20"]
[SourceQuality "1"]

1. d4 Nf6 2. c4 e6 3. Nf3 b6 4. g3 Ba6 5. b3 Bb4+ 6. Bd2 Be7 7. Nc3 c6 8. Qc2 d5 9. e4 dxe4 10. Nxe4 Nbd7 11. Neg5 h6 12. Nxf7 Kxf7 13. Nh4 Nf8 14. Bd3 Qxd4 15. Bc3 Qg4 16. f4 Qh5 17. Be2 Qc5 18. b4 Qe3 19. a3 Ne4 20. Be5 Rd8 21. Ng2 Qf2# 0-1

[Event "Porto Alegre op"]
[Site "Porto Alegre"]
[Date "2013.09.14"]
[Round "6"]
[White "Pasini, Iuri Alan"]
[Black "Boeira, Dimitri Ariel Pires"]
[Result "1-0"]
[WhiteElo "1990"]
[BlackElo "1706"]
[PlyCount "51"]
[EventDate "2013.07.06"]
[EventType "swiss"]
[EventRounds "6"]
[EventCountry "BRA"]
[SourceTitle "EXT 2014"]
[Source "ChessBase"]
[SourceDate "2013.11.20"]
[SourceVersion "1"]
[SourceVersionDate "2013.11.20"]
[SourceQuality "1"]

1. e4 c5 2. Nf3 g6 3. c4 Nc6 4. d4 Bg7 5. dxc5 Qa5+ 6. Bd2 Qxc5 7. Bc3 Nf6 8. Be2 Nxe4 9. 0-0 Nxc3 10. Nxc3 0-0 11. Qd2 d6 12. h3 Be6 13. Ne4 Qa5 14. Qc1 Rac8 15. a3 Ne5 16. Nxe5 Qxe5 17. Nc3 Bxc4 18. Bxc4 Rxc4 19. Re1 Qc5 20. Rxe7 Bxc3 21. bxc3 Rxc3 22. Qf4 b5 23. Rae1 Qxa3 24. Qh6 Rc5 25. Re8 Rc8 26. Qxf8# 1-0

[Event "Porto Alegre op"]
[Site "Porto Alegre"]
[Date "2013.08.03"]
[Round "4"]
[White "Bueno, Jair Cardona"]
[Black "Boeira, Dimitri Ariel Pires"]
[Result "1/2-1/2"]
[WhiteElo "1910"]
[BlackElo "1706"]
[PlyCount "56"]
[EventDate "2013.07.06"]
[EventType "swiss"]
[EventRounds "6"]
[EventCountry "BRA"]
[SourceTitle "EXT 2014"]
[Source "ChessBase"]
[SourceDate "2013.11.20"]
[SourceVersion "1"]
[SourceVersionDate "2013.11.20"]
[SourceQuality "1"]

1. d4 Nf6 2. Nf3 g6 3. g3 Bg7 4. Bg2 0-0 5. 0-0 d6 6. c4 Nbd7 7. Nc3 e5 8. dxe5 Nxe5 9. Nxe5 dxe5 10. Bg5 h6 11. Qxd8 Rxd8 12. Bxf6 Bxf6 13. Nd5 Bg7 14. Nxc7 Rb8 15. Rad1 Bg4 16. f3 Bd7 17. b3 Bc6 18. Bh3 e4 19. Kf2 Bd4+ 20. e3 Bc5 21. Nd5 Bxd5 22. cxd5 Re8 23. Rfe1 Rbd8 24. fxe4 Rxe4 25. Kf3 f5 26. g4 Re5 27. gxf5 gxf5 28. d6 Kf7 1/2-1/2

[Event "Catarinense-ch U20"]
[Site "Concordia"]
[Date "2013.05.18"]
[Round "2"]
[White "Bastos, Guilherme Exterhott"]
[Black "Boeira, Dimitri Ariel Pires"]
[Result "0-1"]
[WhiteElo "1937"]
[BlackElo "1654"]
[PlyCount "76"]
[EventDate "2013.05.17"]
[EventType "swiss"]
[EventRounds "6"]
[EventCountry "BRA"]
[SourceTitle "EXT 2015"]
[Source "ChessBase"]
[SourceDate "2014.11.20"]
[SourceVersion "1"]
[SourceVersionDate "2014.11.20"]
[SourceQuality "1"]

1. d4 Nf6 2. Bg5 g6 3. Bxf6 exf6 4. e3 Bg7 5. Bd3 0-0 6. h4 d5 7. h5 c5 8. hxg6 fxg6 9. c3 Nc6 10. dxc5 Re8 11. Ne2 Ne5 12. Nf4 Qc7 13. Qb3 Nxd3+ 14. Nxd3 Be6 15. Nf4 Bf7 16. 0-0 d4 17. Nd5 Qxc5 18. c4 Bxd5 19. cxd5 dxe3 20. Nc3 f5 21. d6+ Kh8 22. Nb5 exf2+ 23. Rxf2 Re2 24. Raf1 Rxb2 25. Qe6 Rxf2 26. Rxf2 Qxb5 27. Re2 Rd8 28. Re1 Qc5+ 29. Kf1 Qxd6 30. Qxd6 Rxd6 31. Re8+ Bf8 32. Rxf8+ Kg7 33. Re8 Rb6 34. Kf2 Rb2+ 35. Kf3 Kh6 36. Re7 a5 37. g3 a4 38. Kf4 a3 0-1

[Event "Catarinense-ch U20"]
[Site "Concordia"]
[Date "2013.05.18"]
[Round "3"]
[White "Boeira, Dimitri Ariel Pires"]
[Black "Miglioretto, Ladyr Jr"]
[Result "1/2-1/2"]
[WhiteElo "1654"]
[BlackElo "2030"]
[PlyCount "122"]
[EventDate "2013.05.17"]
[EventType "swiss"]
[EventRounds "6"]
[EventCountry "BRA"]
[SourceTitle "EXT 2015"]
[Source "ChessBase"]
[SourceDate "2014.11.20"]
[SourceVersion "1"]
[SourceVersionDate "2014.11.20"]
[SourceQuality "1"]

1. d4 Nf6 2. c4 g6 3. Nc3 Bg7 4. e4 d6 5. Nf3 0-0 6. Be2 e5 7. 0-0 Nc6 8. d5 Ne7 9. b4 Nd7 10. Nd2 f5 11. f3 f4 12. Ba3 a5 13. bxa5 Rxa5 14. Bb4 Ra8 15. a4 g5 16. Nb3 b6 17. a5 bxa5 18. Rxa5 Rxa5 19. Bxa5 Ba6 20. c5 Bxe2 21. Qxe2 Qb8 22. Qc4 Rc8 23. Rb1 Qa7 24. Nb5 Qb8 25. cxd6 cxd6 26. Bc7 Nb6 27. Bxb8 Nxc4 28. Bxd6 Nxd6 29. Nxd6 Rb8 30. Nd2 Rxb1+ 31. Nxb1 Bf8 32. Nb7 Nc8 33. Nd2 Kf7 34. Nc4 Kf6 35. Nba5 h5 36. Nc6 Bd6 37. h3 Bc7 38. Kf2 Bd6 39. g4 fxg3+ 40. Kxg3 Bc7 41. h4 Bd6 42. hxg5+ Kxg5 43. N6xe5 h4+ 44. Kg2 Bb8 45. Nd3 Ne7 46. d6 Nc6 47. f4+ Kg4 48. Ne3+ Kh5 49. e5 Kg6 50. Kh3 Kf7 51. Kxh4 Ke6 52. f5+ Kd7 53. Nc5+ Kd8 54. Nc4 Nxe5 55. Nxe5 Bxd6 56. Ne6+ Ke7 57. Ng6+ Kf6 58. Kg4 Ba3 59. Ngf8 Kf7 60. Kg5 Be7+ 61. Kh6 Kf6 1/2-1/2